Introducción a la biología celular.
I tiakina i:
| Kaituhi matua: | |
|---|---|
| Ētahi atu kaituhi: | , , , , , |
| Hōputu: | Tē mōhiotia |
| I whakaputaina: |
Ciudad de México, México:
Medica Panamericana,
2021.
|
| Putanga: | Quinta Edición. |
| Ngā marau: | |
| Ngā Tūtohu: |
Tāpirihia he Tūtohu
Kāore He Tūtohu, Me noho koe te mea tuatahi ki te tūtohu i tēnei pūkete!
|
MARC
| LEADER | 00000 a2200000 4500 | ||
|---|---|---|---|
| 003 | CL-VaPUC | ||
| 005 | 20241203110344.0 | ||
| 008 | 231108t2020 ||||| |||| 00| 0 eng d | ||
| 999 | |c 442094 |d 442092 | ||
| 020 | |a 9786078546442 | ||
| 040 | |c Pontificia Universidad Católica de Valparaíso | ||
| 082 | |a 571.6 ALB 2020 | ||
| 100 | |a Alberts, Bruce |9 60 |e autor | ||
| 245 | |a Introducción a la biología celular. | ||
| 250 | |a Quinta Edición. | ||
| 260 | |a Ciudad de México, México: |b Medica Panamericana, |c 2021. | ||
| 300 | |a xxxii, 734 páginas : |b ilustraciones. | ||
| 500 | |a Incluye versión digital. | ||
| 583 | |k GC |c 20231108 | ||
| 650 | 0 | |a Biología molecular |9 261432 | |
| 650 | 0 | |a Histología |x Tejidos |9 259492 | |
| 650 | 0 | |a Bioquímica |9 259492 | |
| 650 | 0 | |a Genética |9 259443 | |
| 700 | |a Hopkin, Karen |e autora |9 885617 | ||
| 700 | |a Johnson, Alexander |e autor |9 885618 | ||
| 700 | |a Morgan, David |e autor |9 885619 | ||
| 700 | |a Raff, Martin |e autor |9 885620 | ||
| 700 | |a Roberts, Keith |e autora |9 885621 | ||
| 700 | |a Walter, Peter |e autor |9 885622 | ||
| 942 | |2 ddc |c BK | ||
| 952 | |0 0 |1 0 |2 ddc |4 0 |6 571_600000000000000_ALB_2020 |7 0 |8 A |9 592341 |a BIBCUR |b BIBCUR |c GEN |d 2023-11-08 |e 3 |g 101471.00 |i 5659366 |l 17 |m 1 |o 571.6 ALB 2020 |p 5659366 |r 2025-04-24 |s 2025-04-24 |t 1 |v 101471.00 |w 2023-11-08 |y BK |k BIO | ||
| 952 | |0 0 |1 0 |2 ddc |4 0 |6 571_600000000000000_ALB_2020 |7 0 |8 A |9 592342 |a BIBCUR |b BIBCUR |c GEN |d 2023-11-08 |e 3 |g 101471.00 |i 5659367 |l 11 |m 1 |o 571.6 ALB 2020 |p 5659367 |r 2025-04-22 |s 2025-04-07 |t 2 |v 101471.00 |w 2023-11-08 |y BK |k BIO | ||
| 952 | |0 0 |1 0 |2 ddc |4 0 |6 571_600000000000000_ALB_2020 |7 0 |8 A |9 592343 |a BIBCUR |b BIBCUR |c GEN |d 2023-11-08 |e 3 |g 101471.00 |i 5659373 |l 19 |m 2 |o 571.6 ALB 2020 |p 5659373 |r 2025-04-23 |s 2025-04-16 |t 3 |v 101471.00 |w 2023-11-08 |y BK |k BIO | ||